| 000 | 01001nam a2200277Ia 4500 | ||
|---|---|---|---|
| 005 | 20220317001505.0 | ||
| 008 | 161108s2010 sp g 000 0 spa | ||
| 020 | _a9788449323607 | ||
| 082 | 0 | 4 |
_a909.09821 _bDRO2 |
| 100 | 1 |
_aRoger-Pol, Droit _d1949- |
|
| 245 | 1 | 0 |
_aOccidente explicado a todo el mundo _cRoger-Pol Droit |
| 250 | _a1a. edición | ||
| 300 |
_a101 páginas _c21 cm |
||
| 490 | _aContextos | ||
| 505 | _a{BF}Dónde está occidente? -- Historias de familia -- Cara amable, cara sombría -- {BF}Qué significa <<occidentalizado>>? -- Idea sin fronteras | ||
| 534 | _tL´Occident expliqué á tout le monde | ||
| 650 | 1 | 4 |
_2LEMB _aCivilizacion occidental |
| 650 | 1 | 4 |
_2LEMB _aCivilizacion ccidental _xHistoria |
| 700 | 1 |
_aGarcía Lorenzana, Francisco _951853 |
|
| 942 |
_2ddc _cBK |
||
| 264 |
_aMadrid _bPaidós _c2010 |
||
| 336 |
_atexto _btxt _2rdacontent |
||
| 337 |
_asin mediación _bn _2rdamedia |
||
| 338 |
_avolumen _bnc _2rdacarrier |
||
| 040 |
_aCO-BoRNBP _bspa _erda _cCO-BoRNBP |
||
| 999 |
_c7134 _d7134 |
||